Statistics for Metal Bands by a piece from their logo, part. 2

Click here to take the quiz!

General Stats

  • This quiz has been taken 30 times
    (26 since last reset)
  • The average score is 12 of 32

Answer Stats

Answer% Correct
Iron Maiden
83%
Metallica
83%
Pantera
83%
Tool
79%
Kreator
75%
Burzum
67%
Cradle of Filth
67%
Sabaton
67%
Deicide
63%
Amon Amarth
54%
HammerFall
54%
Napalm Death
50%
Suicidal Tendencies
50%
Machine Head
42%
Accept
38%
Nile
38%
Morbid Angel
33%
Overkill
33%
Alter Bridge
25%
At the Gates
25%
Paradise Lost
25%
Voivod
25%
Arch Enemy
13%
Gorgoroth
13%
Hypocrisy
13%
Body Count
4%
Eluveitie
4%
In Extremo
4%
Insomnium
4%
Rise of the Northstar
4%
Soilwork
4%
Within Temptation
4%

Score Distribution

Percentile by Number Answered

Percent of People with Each Score

Your Score History

You have not taken this quiz since the last reset